The C++ Programming Language (Record no. 18360)
[ view plain ]
| 000 -LEADER | |
|---|---|
| fixed length control field | 00405nam a22001457a 4500 |
| 008 - FIXED-LENGTH DATA ELEMENTS--GENERAL INFORMATION | |
| fixed length control field | 200724b xxu||||| |||| 00| 0 eng d |
| 020 ## - INTERNATIONAL STANDARD BOOK NUMBER | |
| International Standard Book Number | 0321563840 |
| 050 ## - LIBRARY OF CONGRESS CALL NUMBER | |
| Classification number | QA76.73 |
| Item number | .S77 2013 c.1 |
| 100 ## - MAIN ENTRY--PERSONAL NAME | |
| Personal name | Stroustrup,Bjarne |
| 245 ## - TITLE STATEMENT | |
| Title | The C++ Programming Language |
| Statement of responsibility, etc. | Bjarne Stroustrup |
| 250 ## - EDITION STATEMENT | |
| Edition statement | 4th ed. |
| 260 ## - PUBLICATION, DISTRIBUTION, ETC. (IMPRINT) | |
| Place of publication, distribution, etc. | Upper Saddle River |
| Name of publisher, distributor, etc. | Addison Wesley |
| Date of publication, distribution, etc. | 2013 |
| 300 ## - PHYSICAL DESCRIPTION | |
| Extent | xiv,1347p. |
| 942 ## - ADDED ENTRY ELEMENTS (KOHA) | |
| Source of classification or shelving scheme | Library of Congress Classification |
| Koha item type | General Collection |
| Withdrawn status | Lost status | Source of classification or shelving scheme | Not for loan | Home library | Current library | Date acquired | Cost, normal purchase price | Total Checkouts | Full call number | Barcode | Date last seen | Date last checked out | Price effective from | Koha item type |
|---|---|---|---|---|---|---|---|---|---|---|---|---|---|---|
| Library of Congress Classification | Kabarak, Main Campus | Kabarak, Main Campus | 24/07/2020 | 6132.00 | 1 | QA76.73 .S77 2013 c.1 | 029914 | 18/03/2021 | 02/03/2021 | 24/07/2020 | General Collection | |||
| Library of Congress Classification | Kabarak, Main Campus | Kabarak, Main Campus | 24/07/2020 | 6132.00 | QA76.73 .S77 2013 c.2 | 029915 | 24/07/2020 | 24/07/2020 | General Collection | |||||
| Library of Congress Classification | Kabarak, Nakuru City Campus | Kabarak, Nakuru City Campus | 24/07/2020 | 6132.00 | QA76.73 .S77 2013 c.1 | 029916 | 24/07/2020 | 24/07/2020 | General Collection |